Historia del periodismo chileno. 1812 - 1955

Guardat en:
Dades bibliogràfiques
Autor principal: Valdebenito, Alfonso (Autor)
Format: Llibre
Idioma:espanyol
Publicat: Santiago Imprenta Fantasía 1956
Edició:2a. ed
Matèries:
Etiquetes: Afegir etiqueta
Sense etiquetes, Sigues el primer a etiquetar aquest registre!

MARC

LEADER 00000nam a2200000 a 4500
001 UCJ5936
003 CL-VaPUC
008 070124e19560000CL |||||||||||||||||spa|d
082 0 4 |a 983  |b VAL  |2 21 
100 0 |a Valdebenito, Alfonso  |e author  |9 511929 
245 1 0 |a Historia del periodismo chileno. 1812 - 1955 
250 |a 2a. ed 
300 |a 317 p 
942 |c BK 
945 |d 20070124 00:00:00  |a rinostro 
260 |a Santiago  |b Imprenta Fantasía  |c 1956 
500 |a Incluye al final un diccionario biográfico de periodistas en Chile 
600 0 7 |a ASOCIACION NACIONAL DE LA PRENSA  |2 CL-VaPUC  |9 511930 
600 0 7 |a CIRCULO DE LA PRENSA DE VALPARAISO  |2 CL-VaPUC  |9 511931 
600 0 7 |a CIRCULO DE PERIODISTAS DE SANTIAGO  |2 CL-VaPUC  |9 511932 
650 0 |a Historia de Chile  |9 265473 
650 0 |a Prensa  |9 258117 
650 0 |a Imprenta  |9 265883 
650 0 |a Periodismo   |9 310113 
650 0 |a Diarios   |9 420844 
650 0 |a Revistas  |9 335471 
650 0 |a Premios nacionales  |9 492855 
650 7 |a LEGISLACION  |2 CL-VaPUC  |9 511933 
650 0 |a Libertad de prensa  |9 255610 
650 0 |a Derechos civiles  |9 255655 
650 0 |a Censura  |9 349860 
650 0 |a Ética  |9 255099 
650 0 |a Periodistas   |9 335499 
650 0 |a Radiodifusión  |9 308795 
650 7 |a BIOGRAFIA  |2 CL-VaPUC  |9 504622 
650 0 |a Gremios  |9 375963 
650 7 |a DICCIONARIO  |2 CL-VaPUC  |9 511934 
583 |a last modification  |c 20070124 00:00:00  |k Rodrigo Vera 
999 |c 322044  |d 322042 
952 |0 0  |1 0  |4 0  |6 983_000000000000000_VAL_1956  |7 0  |8 X  |9 400954  |a FDOBUD  |b FDOBUD  |d 2019-11-22  |i 1041746  |o 983 VAL 1956  |p 1041746  |r 2019-11-22  |w 2019-11-22  |y BK_X  |k BUD